| 000 | 00760nac a22002051u 4500 | ||
|---|---|---|---|
| 010 | _a 87007795 | ||
| 020 | _a0023695501 (pbk.) | ||
| 020 | _a0029460042 | ||
| 082 | 0 | 0 |
_a005.133 _bN9948 |
| 090 |
_c4247 _d4247 |
||
| 100 | _aNyhoff, Larry R. | ||
| 245 | 1 | 0 |
_aAdvanced programming in Pascal with data structures / _cLarry Nyhoff, Sanford Leestma. |
| 260 |
_aNew York : _bMacmillan ; _aLondon : _bCollier Macmillan, _cc1989. |
||
| 300 |
_ax, 623 p. : _bill. ; _c26 cm. |
||
| 500 | _aIncludes index. | ||
| 650 | 0 | _aPascal (Computer program language) | |
| 700 | 1 | _aLeestma, Sanford. | |
| 942 |
_cBB _k005.133N9948 |
||
| 999 |
_c4247 _d4247 |
||